Pays commençant par L - Statistiques

Statistiques générales
  • Ce quiz a été pris 89 fois
  • Le résultat moyen est 7 sur 9
Statistiques - réponses
Réponse % Correct
Lituanie
96%
Lettonie
94%
Laos
83%
Liban
80%
Libye
73%
Liechtenstein
72%
Luxembourg
72%
Libéria
70%
Lesotho
69%
Aucun quiz correspondant
Distribution des résultats
% des personnes avec chaque résultat
Percentile par nombre de réponses
Votre historique - résultats
Vous n’avez pas pris ce quiz